[Event "Copenhagen Chess Challenge 2006"]
[Site "Skovlunde"]
[Date "2006.??.??"]
[Round "3"]
[White "Miezis, Normunds"]
[Black "Tandrup, Michael"]
[Result "1-0"]
[WhiteElo "2496"]
[BlackElo "2021"]
[PlyCount "73"]
[EventDate "2006.??.??"]
[EventType "swiss"]
[EventRounds "9"]
[EventCountry "DEN"]

1. c4 Nf6 2. Nc3 g6 3. g3 Bg7 4. Bg2 d6 5. e4 O-O 6. Nge2 e5 7. O-O Nc6 8. d3
Ne8 9. Nd5 Ne7 10. f4 Nxd5 11. cxd5 f5 12. Bh1 Bd7 13. Qb3 Rb8 14. Be3 b6 15.
Rac1 fxe4 16. dxe4 Bg4 17. Nc3 a6 18. Rf2 Qd7 19. Qc4 b5 20. Qf1 Qe7 21. f5
gxf5 22. exf5 Bh5 23. Ne4 Nf6 24. Bg5 Qd7 25. h3 Kh8 26. Bxf6 Bxf6 27. Nxf6
Rxf6 28. g4 Be8 29. g5 Rf8 30. Be4 Qf7 31. Qg2 Rc8 32. Kh2 Rg8 33. Rg1 Qh5 34.
g6 hxg6 35. fxg6 Kg7 36. Qf1 Kh6 37. g7 1-0

[Event "Copenhagen Chess Challenge 2006"]
[Site "Skovlunde"]
[Date "2006.??.??"]
[Round "3"]
[White "Glud, Jakob Vang"]
[Black "Tikkanen, Hans"]
[Result "1/2-1/2"]
[WhiteElo "2421"]
[BlackElo "2359"]
[PlyCount "108"]
[EventDate "2006.??.??"]
[EventType "swiss"]
[EventRounds "9"]
[EventCountry "DEN"]

1. c4 g6 2. g3 Bg7 3. Bg2 d6 4. Nc3 e5 5. e4 Nc6 6. Nge2 h5 7. h4 Bg4 8. f3 Be6
9. d3 Qd7 10. Nd5 Nd4 11. Nxd4 exd4 12. O-O Bh6 13. Bxh6 Rxh6 14. Qd2 Rh7 15.
b4 c6 16. Nf4 Qe7 17. Qb2 g5 18. hxg5 Qxg5 19. Qxd4 Qxg3 20. Ne2 Qg7 21. Kf2
Qxd4+ 22. Nxd4 Nf6 23. Ke3 Ke7 24. c5 Rg8 25. Bh1 h4 26. Rfc1 dxc5 27. Rxc5 h3
28. Rcc1 h2 29. Ne2 Nh5 30. b5 cxb5 31. Rc7+ Bd7 32. Kf2 Rc8 33. Rac1 Rhh8 34.
Kg2 Rcg8+ 35. Kf2 Rc8 36. d4 b4 37. Ng3 Nxg3 38. Kxg3 a5 39. e5 Rxc7 40. Rxc7
Rc8 41. Rxb7 Rc2 42. f4 Kd8 43. d5 Rxa2 44. f5 Re2 45. e6 fxe6 46. fxe6 Bxe6
47. dxe6 Rxe6 48. Kxh2 Re3 49. Bd5 Rd3 50. Rb5 Kc7 51. Rxa5 Kb6 52. Ra6+ Kb5
53. Bb7 Rd7 54. Bc6+ Kxa6 1/2-1/2

[Event "Copenhagen Chess Challenge 2006"]
[Site "Skovlunde"]
[Date "2006.??.??"]
[Round "4"]
[White "Nielsen, Jan Mose"]
[Black "Akdag, Dara Sevkan"]
[Result "1-0"]
[WhiteElo "2101"]
[BlackElo "1940"]
[PlyCount "47"]
[EventDate "2006.??.??"]
[EventType "swiss"]
[EventRounds "9"]
[EventCountry "DEN"]

1. e4 c5 2. Nf3 Nc6 3. d4 cxd4 4. Nxd4 Nf6 5. Nc3 d6 6. Be2 a6 7. Be3 e5 8. Nb3
b5 9. g4 h5 10. gxh5 Bd7 11. a3 Na5 12. Nxa5 Qxa5 13. Qd2 b4 14. Na2 Nxe4 15.
Qxb4 Qxb4+ 16. Nxb4 a5 17. Nd5 Rb8 18. O-O-O f5 19. h6 Nf6 20. hxg7 Bxg7 21.
Nxf6+ Bxf6 22. Rxd6 Ke7 23. Rhd1 Be6 24. Ra6 1-0

[Event "Copenhagen Chess Challenge 2006"]
[Site "Skovlunde"]
[Date "2006.??.??"]
[Round "4"]
[White "Carstensen, Jacob"]
[Black "Glud, Jakob Vang"]
[Result "1/2-1/2"]
[WhiteElo "2278"]
[BlackElo "2421"]
[PlyCount "55"]
[EventDate "2006.??.??"]
[EventType "swiss"]
[EventRounds "9"]
[EventCountry "DEN"]

1. d4 d5 2. c4 e6 3. Nc3 Be7 4. Nf3 Nf6 5. Bg5 O-O 6. e3 Nbd7 7. cxd5 exd5 8.
Bd3 Re8 9. O-O c6 10. Qc2 g6 11. h3 Nh5 12. Bxe7 Qxe7 13. Rab1 Nhf6 14. Nd2 Nb6
15. Rbe1 Bd7 16. Nb3 Rad8 17. f4 Ne4 18. Bxe4 dxe4 19. Nc5 Bc8 20. Qxe4 Nc4 21.
b3 Qh4 22. Qf3 Nd6 23. N5e4 Nxe4 24. Nxe4 Bf5 25. Nf2 Be6 26. Ng4 Bxg4 27. Qxg4
Qe7 28. f5 1/2-1/2

[Event "Copenhagen Chess Challenge 2006"]
[Site "Skovlunde"]
[Date "2006.??.??"]
[Round "4"]
[White "Smith, Axel"]
[Black "Hansen, Alexei"]
[Result "1-0"]
[WhiteElo "2105"]
[BlackElo "2104"]
[PlyCount "117"]
[EventDate "2006.??.??"]
[EventType "swiss"]
[EventRounds "9"]
[EventCountry "DEN"]

1. e4 c5 2. Nf3 Nc6 3. d4 cxd4 4. Nxd4 Nf6 5. Nc3 d6 6. Bg5 e6 7. Qd2 a6 8.
O-O-O Be7 9. f4 Qa5 10. Bxf6 gxf6 11. Be2 Nxd4 12. Qxd4 Qc5 13. Qxc5 dxc5 14.
Na4 b5 15. Nb6 Rb8 16. Nxc8 Rxc8 17. c4 b4 18. Bh5 Rd8 19. f5 e5 20. Rd5 Rxd5
21. cxd5 Bf8 22. Kc2 Bh6 23. Kd3 Ke7 24. Re1 Rg8 25. g3 Rc8 26. b3 Kd6 27. Bxf7
a5 28. Bh5 a4 29. Bd1 a3 30. Kc4 Bd2 31. Re2 Bc1 32. Rg2 Rg8 33. Bh5 Rg7 34. h4
Bf4 35. g4 Be3 36. g5 Bf4 37. Rg4 Bc1 38. gxf6 Rxg4 39. Bxg4 Bh6 40. Bh5 Bf8
41. Bg6 h6 42. f7 Kc7 43. f6 Kd6 44. h5 Kc7 45. Bf5 Kd6 46. Bc8 Kc7 47. Ba6 Kb6
48. Bb5 Bd6 49. Bd7 Bf8 50. d6 Bxd6 51. Kd5 Bf8 52. Be8 Ka6 53. Ba4 Ka5 54.
Kxe5 c4 55. Kd4 c3 56. Kd3 Kb6 57. e5 Kc5 58. e6 Kd6 59. Bd7 1-0

[Event "Copenhagen Chess Challenge 2006"]
[Site "Skovlunde"]
[Date "2006.??.??"]
[Round "4"]
[White "Skovgaard, Peter Nicolai"]
[Black "Miezis, Normunds"]
[Result "0-1"]
[WhiteElo "2197"]
[BlackElo "2496"]
[PlyCount "72"]
[EventDate "2006.??.??"]
[EventType "swiss"]
[EventRounds "9"]
[EventCountry "DEN"]

1. e4 c5 2. Nf3 e6 3. c3 d5 4. exd5 exd5 5. d4 Nc6 6. Bb5 Bd6 7. dxc5 Bxc5 8.
O-O Nf6 9. Re1+ Be6 10. Be3 Bxe3 11. Rxe3 O-O 12. Nbd2 Qb6 13. Bxc6 bxc6 14. b4
a5 15. bxa5 Rxa5 16. Nb3 Ra3 17. Qd4 Rb8 18. h3 Ne4 19. Qxb6 Rxb6 20. Nfd2 Nxd2
21. Nxd2 h6 22. Nf3 c5 23. Ne5 Rba6 24. Rb1 Rxa2 25. Rb8+ Kh7 26. Rf3 Ra7 27.
Rf8 Rc2 28. Re8 Rc7 29. c4 dxc4 30. Ra3 g5 31. Raa8 Kg7 32. Rh8 c3 33. Rag8+
Kf6 34. Nf3 Rc1+ 35. Kh2 c2 36. Re8 Rh1+ 0-1

[Event "Copenhagen Chess Challenge 2006"]
[Site "Skovlunde"]
[Date "2006.??.??"]
[Round "4"]
[White "Tikkanen, Hans"]
[Black "Nilssen, John Arni"]
[Result "1/2-1/2"]
[WhiteElo "2359"]
[BlackElo "2356"]
[PlyCount "39"]
[EventDate "2006.??.??"]
[EventType "swiss"]
[EventRounds "9"]
[EventCountry "DEN"]

1. c4 Nf6 2. Nc3 g6 3. e4 d6 4. d4 Bg7 5. h3 O-O 6. Be3 c6 7. Nf3 a6 8. Bd3 b5
9. O-O Nbd7 10. Rc1 e5 11. dxe5 dxe5 12. b4 Nh5 13. cxb5 axb5 14. a4 bxa4 15.
Nxa4 Nf4 16. Bxf4 exf4 17. Rxc6 Qe7 18. b5 Qb4 19. Rc4 Qxb5 20. Rxc8 1/2-1/2

[Event "Copenhagen Chess Challenge 2006"]
[Site "Skovlunde"]
[Date "2006.??.??"]
[Round "4"]
[White "Kaaber Hansen, Jacob"]
[Black "Nilsson, Sebastian"]
[Result "0-1"]
[WhiteElo "2134"]
[BlackElo "2223"]
[PlyCount "76"]
[EventDate "2006.??.??"]
[EventType "swiss"]
[EventRounds "9"]
[EventCountry "DEN"]

1. e4 e6 2. d4 d5 3. Nc3 Bb4 4. Nge2 dxe4 5. a3 Be7 6. Nxe4 Nf6 7. N2g3 Nbd7 8.
Bd3 c5 9. dxc5 Nxc5 10. Nxc5 Bxc5 11. O-O O-O 12. Qe2 Qc7 13. Bg5 Be7 14. Rfe1
Re8 15. Nh5 Nxh5 16. Qxh5 g6 17. Qh4 Bxg5 18. Qxg5 Bd7 19. Re3 Bc6 20. Rae1 Qe7
21. Qh6 Qf6 22. b4 a6 23. h4 Rad8 24. h5 Qg7 25. Qf4 Rd4 26. Qe5 Red8 27. hxg6
hxg6 28. Qg5 R8d5 29. Qg3 Rh5 30. Qb8+ Kh7 31. Re5 Rhh4 32. f3 Qh6 33. Kf2 Qf4
34. Rg1 Rh2 35. Ke1 Bxf3 36. Qc7 Re4+ 37. Bxe4 Qe3+ 38. Kf1 Qe2# 0-1

[Event "Copenhagen Chess Challenge 2006"]
[Site "Skovlunde"]
[Date "2006.??.??"]
[Round "4"]
[White "Scherwin, Claes"]
[Black "Rosenkilde, Alexander"]
[Result "0-1"]
[WhiteElo "1820"]
[BlackElo "2031"]
[PlyCount "58"]
[EventDate "2006.??.??"]
[EventType "swiss"]
[EventRounds "9"]
[EventCountry "DEN"]

1. d4 Nf6 2. c4 e6 3. Nf3 b6 4. g3 Bb7 5. Bg2 Be7 6. O-O O-O 7. Nc3 d5 8. Ne5
Nbd7 9. Nxd7 Qxd7 10. Be3 Rfd8 11. Rc1 c5 12. Qc2 cxd4 13. Bxd4 dxc4 14. Bxf6
Bxf6 15. Rfd1 Qe7 16. Ne4 Be5 17. Ng5 g6 18. Nf3 Bf6 19. e4 b5 20. e5 Bg7 21.
Qe2 Qc5 22. b3 c3 23. Rd3 b4 24. Rcd1 Qc7 25. Qc2 Rxd3 26. Qxd3 c2 27. Rc1 Rd8
28. Qe2 Ba6 29. Qe1 Bh6 0-1

[Event "Copenhagen Chess Challenge 2006"]
[Site "Skovlunde"]
[Date "2006.??.??"]
[Round "4"]
[White "Wiecker, Stefan"]
[Black "Skovgaard, Tom"]
[Result "1-0"]
[WhiteElo "2039"]
[BlackElo "2033"]
[PlyCount "107"]
[EventDate "2006.??.??"]
[EventType "swiss"]
[EventRounds "9"]
[EventCountry "DEN"]

1. e4 Nf6 2. e5 Nd5 3. d4 d6 4. Nf3 g6 5. Bc4 Nb6 6. Bb3 Bg7 7. Qe2 O-O 8. a4
a5 9. O-O Nc6 10. c3 Qe8 11. h3 Bd7 12. Re1 dxe5 13. dxe5 Nd8 14. Ng5 Bxa4 15.
Bxa4 Nxa4 16. Qc4 Nb6 17. Qxc7 Nd5 18. Qc5 e6 19. f4 b6 20. Qf2 Qc6 21. Nd2 Nb7
22. Nde4 Rac8 23. Qh4 h6 24. Nf3 Rfd8 25. Nd4 Qc7 26. Rd1 Qe7 27. Qg4 Nc5 28.
Nd6 Rxd6 29. exd6 Qxd6 30. Ra3 Ne4 31. Qe2 Ng3 32. Qf3 Nh5 33. f5 exf5 34. Nb5
Qc5+ 35. Kh1 Qxb5 36. Rxd5 Ng3+ 37. Kh2 Nf1+ 38. Kg1 Qc4 39. Bf4 Re8 40. Ra1 g5
41. Bxg5 hxg5 42. Rxf1 f4 43. Rxg5 Kf8 44. Qg4 Be5 45. Rg8+ Ke7 46. Qg5+ f6 47.
Rg7+ Kd6 48. Qf5 Qe6 49. Rd1+ Kc5 50. Rc7+ Kb5 51. Qd3+ Ka4 52. Ra1+ Kb3 53.
Qd1+ Kxb2 54. Qb1# 1-0

[Event "Copenhagen Chess Challenge 2006"]
[Site "Skovlunde"]
[Date "2006.??.??"]
[Round "5"]
[White "Miezis, Normunds"]
[Black "Ivanov, Mikhail"]
[Result "0-1"]
[WhiteElo "2496"]
[BlackElo "2443"]
[PlyCount "98"]
[EventDate "2006.??.??"]
[EventType "swiss"]
[EventRounds "9"]
[EventCountry "DEN"]

1. c4 e5 2. Nc3 f5 3. g3 Nf6 4. Bg2 Bb4 5. Nd5 Nxd5 6. cxd5 O-O 7. Qb3 Ba5 8.
Nf3 d6 9. O-O Bb6 10. d3 Qe8 11. Ng5 Nd7 12. Qc4 Nf6 13. Be3 h6 14. Bxb6 axb6
15. Nf3 Rf7 16. Nd2 g5 17. e3 Rg7 18. Rae1 Re7 19. a3 h5 20. f3 h4 21. d4 Ra4
22. Qc1 exd4 23. b3 Ra5 24. e4 Rc5 25. Nc4 f4 26. b4 Rxc4 27. Qxc4 hxg3 28. Qa2
Qh5 29. h3 Bxh3 30. Bxh3 Qxh3 31. e5 Rxe5 32. Rxe5 dxe5 33. d6+ Kg7 34. dxc7
Qc8 35. Rc1 e4 36. Qg2 e3 37. Qe2 g4 38. Qd1 gxf3 39. Qxf3 d3 40. Kg2 d2 41.
Rc2 Qh8 42. Kf1 Qh1+ 43. Qxh1 d1=Q+ 44. Kg2 Qxc2+ 45. Kh3 Qxc7 46. Kh4 Qe5 47.
Qxb7+ Kg6 48. Kh3 Qh5+ 49. Kg2 Qh2+ 0-1

[Event "Copenhagen Chess Challenge 2006"]
[Site "Skovlunde"]
[Date "2006.??.??"]
[Round "5"]
[White "Nilssen, John Arni"]
[Black "Nilsson, Sebastian"]
[Result "1-0"]
[WhiteElo "2356"]
[BlackElo "2223"]
[PlyCount "153"]
[EventDate "2006.??.??"]
[EventType "swiss"]
[EventRounds "9"]
[EventCountry "DEN"]

1. d4 d5 2. c4 Nc6 3. Nc3 dxc4 4. Nf3 Nf6 5. Bf4 Bg4 6. e3 e6 7. Bxc4 Bd6 8.
Bg3 O-O 9. O-O a6 10. Be2 Re8 11. Rc1 Bxg3 12. hxg3 Qe7 13. Na4 e5 14. Rxc6
bxc6 15. Nxe5 Bxe2 16. Qxe2 Qb4 17. b3 Qb5 18. Qf3 Qd5 19. Rc1 Qxf3 20. gxf3
Nd5 21. Nxc6 Ne7 22. Na5 Rec8 23. Nc5 Kf8 24. Kf1 Ke8 25. Ke2 Rcb8 26. a4 Rb6
27. Nd3 Rc8 28. Rc5 Rd6 29. Rc4 Nd5 30. Rc1 Nb6 31. Nb7 Rh6 32. g4 Rb8 33. Na5
Rc8 34. Nc6 Nd5 35. e4 Ne7 36. Na5 Rb6 37. Ke3 Rbb8 38. f4 h6 39. f5 Rb6 40.
Nc5 Ra8 41. d5 Ra7 42. Rc3 Rb4 43. f3 Rb6 44. Nd3 Rb8 45. Ne5 Rb6 46. Kd3 Rd6
47. Kd4 Rb6 48. Nec4 Rb8 49. Ke3 Rd8 50. Rd3 Kf8 51. Ne5 Rd6 52. Nec4 Rd8 53.
Kd2 Ke8 54. Kc2 Kf8 55. Kb2 Ke8 56. Ka3 Kf8 57. b4 Ke8 58. Ne5 Rd6 59. Kb3 Ra8
60. Rc3 Ra7 61. Rc2 Rb6 62. Nec6 Nxc6 63. Nxc6 Ra8 64. Kc4 Kd7 65. Kc5 Re8 66.
e5 Rb7 67. e6+ fxe6 68. fxe6+ Kc8 69. f4 Rf8 70. Rc4 Re8 71. f5 Rf8 72. Re4 Re8
73. g5 hxg5 74. Rg4 Rb6 75. Rxg5 a5 76. b5 Kb7 77. Rxg7 1-0

[Event "Copenhagen Chess Challenge 2006"]
[Site "Skovlunde"]
[Date "2006.??.??"]
[Round "5"]
[White "Akdag, Dara Sevkan"]
[Black "Scherwin, Claes"]
[Result "1-0"]
[WhiteElo "1940"]
[BlackElo "1820"]
[PlyCount "101"]
[EventDate "2006.??.??"]
[EventType "swiss"]
[EventRounds "9"]
[EventCountry "DEN"]

1. d4 e5 2. dxe5 Nc6 3. Nf3 Qe7 4. Bd2 Nxe5 5. Nxe5 Qxe5 6. Bc3 Qe6 7. e3 b6 8.
Nd2 Bb7 9. Nf3 O-O-O 10. Bd3 f6 11. Qe2 Nh6 12. Ba6 Nf7 13. a4 Qe4 14. Bxb7+
Qxb7 15. a5 Nd6 16. axb6 axb6 17. O-O c6 18. Ra6 Nb5 19. Rfa1 Bc5 20. Bd4 Kc7
21. Bxc5 bxc5 22. c4 Ra8 23. cxb5 cxb5 24. Rxa8 Rxa8 25. Rxa8 Qxa8 26. g3 Kb6
27. Nd2 Qd5 28. Nb1 b4 29. Nd2 Qa2 30. b3 Kc6 31. Qd3 d5 32. e4 d4 33. Nc4 Qa1+
34. Kg2 Qc3 35. Qf3 d3 36. e5+ Kc7 37. exf6 gxf6 38. Qd5 Qxb3 39. Qxc5+ Kd7 40.
Qd6+ Ke8 41. Qe6+ Kf8 42. Qxf6+ Ke8 43. Qh8+ Ke7 44. Qxh7+ Kf8 45. Qh8+ Ke7 46.
Qg7+ Ke6 47. Qe5+ Kf7 48. Qf4+ Ke6 49. Qe4+ Kf6 50. Ne3 d2 51. Qd4+ 1-0

[Event "Copenhagen Chess Challenge 2006"]
[Site "Skovlunde"]
[Date "2006.??.??"]
[Round "5"]
[White "Glud, Jakob Vang"]
[Black "Semcesen, Daniel"]
[Result "1/2-1/2"]
[WhiteElo "2421"]
[BlackElo "2195"]
[PlyCount "114"]
[EventDate "2006.??.??"]
[EventType "swiss"]
[EventRounds "9"]
[EventCountry "DEN"]

1. d4 d5 2. c4 c6 3. Nf3 Nf6 4. Nc3 a6 5. e3 Bf5 6. Qb3 Ra7 7. cxd5 cxd5 8. Ne5
e6 9. Bd2 Nbd7 10. Qa4 Ra8 11. Nxd7 Nxd7 12. Be2 Bd6 13. O-O O-O 14. Rfc1 Qe7
15. Qb3 Rab8 16. a4 Nf6 17. Be1 Rbc8 18. a5 Rc6 19. Na2 Rfc8 20. Rxc6 Rxc6 21.
Bb4 Ne4 22. Bxd6 Nxd6 23. Nc3 Qc7 24. f3 h5 25. Qb4 h4 26. Bf1 g5 27. Re1 b6
28. e4 bxa5 29. Qa3 dxe4 30. fxe4 Bg6 31. d5 Qb6+ 32. Kh1 Rxc3 33. Qxc3 Nxe4
34. Qe3 Qxe3 35. Rxe3 exd5 36. Kg1 a4 37. Rd3 Nf6 38. Rd4 Bc2 39. Bxa6 Kf8 40.
Bb5 Ke7 41. Bxa4 Be4 42. Rd2 Kd6 43. b4 Ng4 44. Bb3 f5 45. b5 Ne3 46. b6 Kc6
47. Rb2 Kb7 48. Ba4 d4 49. Rd2 Kxb6 50. Rxd4 Kc5 51. Rd2 Nxg2 52. Rxg2 Bxg2 53.
Kxg2 Kd4 54. Bc2 Ke5 55. Bd1 g4 56. Be2 Kf4 57. h3 gxh3+ 1/2-1/2

[Event "Copenhagen Chess Challenge 2006"]
[Site "Skovlunde"]
[Date "2006.??.??"]
[Round "5"]
[White "Rosenkilde, Alexander"]
[Black "Skovgaard, Peter Nicolai"]
[Result "0-1"]
[WhiteElo "2031"]
[BlackElo "2197"]
[PlyCount "40"]
[EventDate "2006.??.??"]
[EventType "swiss"]
[EventRounds "9"]
[EventCountry "DEN"]

1. d4 Nf6 2. c4 c5 3. e3 g6 4. Nc3 Bg7 5. Nf3 O-O 6. Be2 cxd4 7. exd4 d5 8.
cxd5 Nxd5 9. O-O Nc6 10. a3 Bf5 11. Be3 Re8 12. Qb3 Nxe3 13. fxe3 Bh6 14. Kf2
e5 15. Bc4 exd4 16. Bxf7+ Kh8 17. Bxe8 Bxe3+ 18. Ke1 Qxe8 19. Nd1 d3 20. g4
Bd4+ 0-1

[Event "Copenhagen Chess Challenge 2006"]
[Site "Skovlunde"]
[Date "2006.??.??"]
[Round "5"]
[White "Tandrup, Michael"]
[Black "Skovgaard, Tom"]
[Result "0-1"]
[WhiteElo "2021"]
[BlackElo "2033"]
[PlyCount "218"]
[EventDate "2006.??.??"]
[EventType "swiss"]
[EventRounds "9"]
[EventCountry "DEN"]

1. d4 Nf6 2. Nf3 e6 3. e3 d5 4. b3 Nbd7 5. Bb2 Ne4 6. Bd3 f5 7. Nbd2 Be7 8. c4
c6 9. O-O O-O 10. Rc1 Bb4 11. Nb1 Bd6 12. a3 Qf6 13. Nbd2 Qh6 14. Ne5 Ndf6 15.
Qe2 Ng5 16. f4 Nge4 17. Rf3 Qh5 18. Qe1 Bxe5 19. dxe5 Nd7 20. Rh3 Qg6 21. Nf3
Rd8 22. Be2 Nf8 23. Nd4 Qf7 24. Bh5 Qe7 25. Bf3 Bd7 26. a4 a5 27. Ra1 c5 28.
Ne2 Bc6 29. Bxe4 dxe4 30. g4 fxg4 31. Rh4 Rd3 32. Rxg4 Rxe3 33. Rg3 Rd3 34. Nc3
Rxg3+ 35. hxg3 Qf7 36. Rd1 Qh5 37. Qe3 b6 38. Rd2 Qf5 39. Rd6 Rc8 40. Nd1 Qg4
41. Nf2 Qf3 42. Nd1 Kf7 43. Qxf3 exf3 44. Ne3 g6 45. Ng4 Nd7 46. Kf2 h5 47. Nh2
Ke7 48. Nxf3 Bxf3 49. Kxf3 Rh8 50. Rd2 Rd8 51. Rg2 Nb8 52. Ke3 Rd1 53. Ke2 Rb1
54. Kd3 Rd1+ 55. Kc2 Rd8 56. Bc1 Nc6 57. g4 Nb4+ 58. Kb2 hxg4 59. Bd2 Nc6 60.
Kc3 Rh8 61. Rxg4 Rh3+ 62. Kb2 Kf7 63. Be1 Nd4 64. Rg3 Rh2+ 65. Kb1 Rh1 66. Re3
Rf1 67. Kb2 Rxf4 68. Rh3 Rf3 69. Rh7+ Kg8 70. Rb7 Rxb3+ 71. Kc1 g5 72. Bd2 Nf3
73. Bxa5 Nxe5 74. Bd2 Nxc4 75. Bxg5 Rf3 76. Re7 e5 77. Bh6 Rf7 78. Re8+ Kh7 79.
Bg5 Kg6 80. Bd8 Kf5 81. Kc2 Rd7 82. Kc3 Rd4 83. Bc7 Nd6 84. Rf8+ Ke4 85. Bxb6
Rxa4 86. Rf6 Kd5 87. Rh6 Rg4 88. Rh5 Rg3+ 89. Kc2 Nc4 90. Bc7 Rf3 91. Bb8 Ne3+
92. Kd2 Nf5 93. Rg5 Nd6 94. Rh5 Nc4+ 95. Kc2 Kd4 96. Rh4+ e4 97. Ba7 Rf2+ 98.
Kc1 Ne5 99. Bxc5+ Kxc5 100. Rxe4 Nc4 101. Rh4 Kb4 102. Rh3 Ne5 103. Kd1 Kc4
104. Ke1 Rb2 105. Rh4+ Kd3 106. Rh3+ Ke4 107. Ra3 Rh2 108. Ra4+ Ke3 109. Kd1
Nd3 0-1

[Event "Copenhagen Chess Challenge 2006"]
[Site "Skovlunde"]
[Date "2006.??.??"]
[Round "5"]
[White "Nielsen, Jan Mose"]
[Black "Smith, Axel"]
[Result "0-1"]
[WhiteElo "2101"]
[BlackElo "2105"]
[PlyCount "86"]
[EventDate "2006.??.??"]
[EventType "swiss"]
[EventRounds "9"]
[EventCountry "DEN"]

1. d4 e6 2. e4 d5 3. Nc3 Bb4 4. e5 c5 5. a3 cxd4 6. axb4 dxc3 7. Qg4 Ne7 8.
Qxg7 Rg8 9. Qxh7 Nbc6 10. Nf3 Qc7 11. Bb5 Rxg2 12. bxc3 Bd7 13. Kf1 Rg8 14. Bf4
d4 15. Ra3 dxc3 16. Rxc3 Qb6 17. Be2 Qxb4 18. Bd2 Qb1+ 19. Be1 Qb6 20. h4 O-O-O
21. Qxf7 Nd5 22. Rb3 Qc7 23. Rg1 Rgf8 24. Qg7 Nf4 25. Bd2 Nxe2 26. Kxe2 Rxf3
27. Kxf3 Nd4+ 28. Kg2 Nxb3 29. cxb3 Bc6+ 30. Kh2 Qxg7 31. Rxg7 Rxd2 32. Rf7 Be8
33. Rf8 Kd7 34. Kg3 Rd3+ 35. Kg4 Rxb3 36. Kg5 Rh3 37. Rf4 b5 38. Kf6 Rd3 39. h5
Bxh5 40. Rh4 Rf3+ 41. Kg7 Be8 42. Rb4 Ke7 43. Rb2 a5 0-1

[Event "Copenhagen Chess Challenge 2006"]
[Site "Skovlunde"]
[Date "2006.??.??"]
[Round "5"]
[White "Carstensen, Jacob"]
[Black "Tikkanen, Hans"]
[Result "1/2-1/2"]
[WhiteElo "2278"]
[BlackElo "2359"]
[PlyCount "44"]
[EventDate "2006.??.??"]
[EventType "swiss"]
[EventRounds "9"]
[EventCountry "DEN"]

1. d4 g6 2. c4 Bg7 3. Nc3 d6 4. Nf3 e5 5. g3 Nc6 6. dxe5 Nxe5 7. Nxe5 Bxe5 8.
Bg2 Ne7 9. O-O O-O 10. Qd2 c6 11. e4 Be6 12. Qd3 Qa5 13. Bd2 Qa6 14. b3 d5 15.
exd5 Nxd5 16. Ne4 Bf5 17. Rae1 Nf6 18. Qc2 Nxe4 19. Bxe4 Bh3 20. Bg2 Bf5 21.
Be4 Bh3 22. Bg2 Bf5 1/2-1/2

[Event "Copenhagen Chess Challenge 2006"]
[Site "Skovlunde"]
[Date "2006.??.??"]
[Round "5"]
[White "Kaaber Hansen, Jacob"]
[Black "Wiecker, Stefan"]
[Result "1/2-1/2"]
[WhiteElo "2134"]
[BlackElo "2039"]
[PlyCount "64"]
[EventDate "2006.??.??"]
[EventType "swiss"]
[EventRounds "9"]
[EventCountry "DEN"]

1. e4 c5 2. Nf3 Nc6 3. d4 cxd4 4. Nxd4 Nf6 5. Nc3 d6 6. Bg5 e6 7. f4 Qb6 8.
Bxf6 gxf6 9. Nb3 Qe3+ 10. Qe2 Qxf4 11. Nb5 Kd8 12. g3 Qe5 13. O-O-O a6 14. N5d4
Bd7 15. Bg2 Nxd4 16. Nxd4 Rc8 17. Rhf1 Be7 18. c3 b5 19. Kb1 a5 20. Qe3 Ke8 21.
Nf3 Qc5 22. Qh6 b4 23. Rc1 Qc4 24. Qe3 Bb5 25. cxb4 Qd3+ 26. Qxd3 Bxd3+ 27. Ka1
Ra8 28. Rfe1 axb4 29. Nd4 e5 30. Re3 Ba6 31. Nc6 Rc8 32. Rc2 Bb7 1/2-1/2

[Event "Copenhagen Chess Challenge 2006"]
[Site "Skovlunde"]
[Date "2006.??.??"]
[Round "6"]
[White "Tandrup, Michael"]
[Black "Akdag, Dara Sevkan"]
[Result "1-0"]
[WhiteElo "2021"]
[BlackElo "1940"]
[PlyCount "105"]
[EventDate "2006.??.??"]
[EventType "swiss"]
[EventRounds "9"]
[EventCountry "DEN"]

1. e4 c5 2. Nf3 Nc6 3. Bb5 Qc7 4. O-O a6 5. Bxc6 bxc6 6. b3 d5 7. e5 Bg4 8. Re1
e6 9. d3 Ne7 10. h3 Bxf3 11. Qxf3 Ng6 12. Qe2 Be7 13. c4 O-O-O 14. Bb2 dxc4 15.
dxc4 Nf4 16. Qf3 Nd3 17. Re2 Nxb2 18. Rxb2 f6 19. Nc3 fxe5 20. Ne4 Rd4 21. Re1
Qd7 22. Qg3 Bf6 23. Nxc5 Qd6 24. Ne4 Qb4 25. Rbe2 Rhd8 26. Nxf6 gxf6 27. Qf3
Rd1 28. Qxc6+ Kb8 29. Rxd1 Rxd1+ 30. Kh2 Qd6 31. Qe4 Rd2 32. g3 Qd4 33. Qxd4
Rxd4 34. Kg2 h5 35. Kf3 Rd3+ 36. Ke4 Rd4+ 37. Ke3 Rd6 38. f4 exf4+ 39. Kxf4 Kc7
40. c5 Rd4+ 41. Ke3 Rd5 42. b4 Kc6 43. Rf2 Re5+ 44. Kd4 Rd5+ 45. Kc4 f5 46. a4
Re5 47. b5+ axb5+ 48. axb5+ Kc7 49. Rb2 Re1 50. b6+ Kb8 51. Kb5 Rc1 52. Kc6 e5
53. Rd2 1-0

[Event "Copenhagen Chess Challenge 2006"]
[Site "Skovlunde"]
[Date "2006.??.??"]
[Round "6"]
[White "Smith, Axel"]
[Black "Carstensen, Jacob"]
[Result "0-1"]
[WhiteElo "2105"]
[BlackElo "2278"]
[PlyCount "66"]
[EventDate "2006.??.??"]
[EventType "swiss"]
[EventRounds "9"]
[EventCountry "DEN"]

1. e4 c5 2. Nf3 d6 3. d4 cxd4 4. Nxd4 Nf6 5. Nc3 a6 6. f3 e5 7. Nb3 Be6 8. Be3
Be7 9. Qd2 O-O 10. O-O-O b5 11. g4 Nbd7 12. g5 b4 13. Ne2 Ne8 14. Ng3 a5 15.
Kb1 a4 16. Nc1 Nc7 17. Nf5 d5 18. h4 d4 19. Bf2 Bxf5 20. exf5 Nd5 21. Re1 b3
22. cxb3 Bb4 23. Qe2 axb3 24. a3 Rxa3 25. bxa3 Nc3+ 26. Kb2 Bxa3+ 27. Kxa3 Qa5+
28. Kb2 Nxe2 29. Rxe2 Qc3+ 30. Kb1 Ra8 31. Rb2 Ra1+ 32. Kxa1 Qxc1+ 33. Rb1 Qa3#
0-1

[Event "Copenhagen Chess Challenge 2006"]
[Site "Skovlunde"]
[Date "2006.??.??"]
[Round "6"]
[White "Ivanov, Mikhail"]
[Black "Glud, Jakob Vang"]
[Result "1/2-1/2"]
[WhiteElo "2443"]
[BlackElo "2421"]
[PlyCount "23"]
[EventDate "2006.??.??"]
[EventType "swiss"]
[EventRounds "9"]
[EventCountry "DEN"]

1. d4 d5 2. c4 e6 3. Nc3 Be7 4. cxd5 exd5 5. Bf4 Nf6 6. e3 O-O 7. Bd3 c5 8. Nf3
Nc6 9. O-O cxd4 10. Nxd4 Bg4 11. Qb3 Na5 12. Qa4 1/2-1/2

[Event "Copenhagen Chess Challenge 2006"]
[Site "Skovlunde"]
[Date "2006.??.??"]
[Round "6"]
[White "Wiecker, Stefan"]
[Black "Hansen, Alexei"]
[Result "1/2-1/2"]
[WhiteElo "2039"]
[BlackElo "2104"]
[PlyCount "50"]
[EventDate "2006.??.??"]
[EventType "swiss"]
[EventRounds "9"]
[EventCountry "DEN"]

1. e4 c5 2. Nf3 d6 3. d4 cxd4 4. Nxd4 Nf6 5. Nc3 g6 6. Be3 Bg7 7. f3 O-O 8. Qd2
Nc6 9. O-O-O d5 10. exd5 Nxd5 11. Nxc6 bxc6 12. Bd4 Nxc3 13. Qxc3 Bh6+ 14. Be3
Bxe3+ 15. Qxe3 Qb6 16. Qxe7 Be6 17. Qa3 Rad8 18. Bd3 Rd5 19. Qc3 Rc5 20. Qf6
Bxa2 21. h4 Rb8 22. h5 Rxh5 23. Rxh5 Qe3+ 24. Rd2 Qe1+ 25. Rd1 Qe3+ 1/2-1/2

[Event "Copenhagen Chess Challenge 2006"]
[Site "Skovlunde"]
[Date "2006.??.??"]
[Round "6"]
[White "Rosenkilde, Alexander"]
[Black "Kaaber Hansen, Jacob"]
[Result "1-0"]
[WhiteElo "2031"]
[BlackElo "2134"]
[PlyCount "153"]
[EventDate "2006.??.??"]
[EventType "swiss"]
[EventRounds "9"]
[EventCountry "DEN"]

1. d4 Nf6 2. c4 e6 3. Nf3 c5 4. g3 d5 5. Bg2 Nc6 6. cxd5 exd5 7. O-O Bd6 8. Nc3
O-O 9. Bg5 cxd4 10. Nxd5 Bxg3 11. Nxf6+ gxf6 12. Bh6 Be5 13. Bxf8 Qxf8 14. Qd3
Kh8 15. Nxe5 fxe5 16. Rac1 Qd6 17. Qb3 f5 18. Kh1 Rb8 19. Bd5 Bd7 20. Rg1 Na5
21. Qf3 Nc6 22. Qg2 Qf8 23. Qg5 Re8 24. Rg3 f4 25. Rg2 Bh3 26. Rgg1 Bf5 27. f3
Bd7 28. Rg2 Bh3 29. Rgg1 Bd7 30. Qh5 Re7 31. Rg8+ Qxg8 32. Bxg8 Kxg8 33. Rg1+
Rg7 34. Qh6 Rxg1+ 35. Kxg1 b5 36. Qd6 Be8 37. Qc5 b4 38. a3 a5 39. Kg2 Kg7 40.
Kh3 Bd7+ 41. Kg2 Be8 42. Kf1 Kf7 43. Qd5+ Ke7 44. Ke1 h5 45. Kd2 Bd7 46. Qc5+
Ke6 47. Qf8 Kd5 48. Qf7+ Be6 49. Qxh5 Kc4 50. Qg6 Kd5 51. h4 Ne7 52. Qe4+ Kd6
53. Qa8 bxa3 54. bxa3 Nf5 55. Qxa5 Bd7 56. Qb4+ Kd5 57. h5 Nd6 58. h6 Bf5 59.
Qa5+ Ke6 60. Qa7 Nf7 61. Qa6+ Nd6 62. Qa7 Nf7 63. a4 Kf6 64. Qb6+ Kg5 65. Qc7
Kf6 66. Qc6+ Kg5 67. a5 Bg6 68. a6 e4 69. fxe4 Kxh6 70. a7 d3 71. a8=Q dxe2 72.
Qf8+ Kh5 73. Kxe2 f3+ 74. Kf2 Ng5 75. Qh8+ Bh7 76. Qd5 Kh6 77. Qxg5+ 1-0